Kikadi 3 ? ( avec indices ) - Statistiques

Statistiques générales
  • Ce quiz a été pris 215 fois
  • Le résultat moyen est 10 sur 25
Statistiques - réponses
Auteur Citation Indice % Correct
Jules César Veni, vidi, vici Empereur
97%
Le capitaine Haddock Mille milliards de mille sabords ! Personnage de BD
92%
Le Petit Prince S'il vous plaît. .. dessine-moi un mouton ! Personnage de livre
78%
Marilyn Monroe Happy Birthday, Mr. President Actrice
78%
Calimero C'est vraiment trop injuste ! Personnage de dessin animé
75%
Galilée Et pourtant elle tourne ! Astronome
66%
Louis XIV L’État, c’est moi Roi
64%
Victor Hugo Demain, dès l’aube, à l’heure où blanchit la campagne Ecrivain
64%
Jacques Chirac Si vous ajoutez à cela le bruit et l’odeur ... Homme politique
61%
Albert Camus Aujourd’hui, maman est morte. Ou peut-être hier, je ne sais pas. Ecrivain
52%
Scooby-Doo Ouuuuh Sammy ! Personnage de dessin animé
48%
Ségolène Royal ... et qui vient sur la Grande muraille conquiert la "bravitude" Femme politique
36%
Arletty Atmosphère ! Atmosphère ! Est-ce que j'ai une gueule d'atmosphère ? Actrice
35%
Boris Vian Monsieur le Président Je vous fais une lettre Ecrivain
33%
Alain Delon Je suis un des rares mythes vivants du XXIe siècle Acteur
23%
Petit Gibus Si j'aurais su, j'aurais pas venu Personnage de film
21%
Jacques Séguéla Si à 50 ans on n'a pas une Rolex, c'est qu'on a raté sa vie Publicitaire
19%
Louis Jouvet Moi, j'ai dit bizarre, comme c'est bizarre ! Acteur
14%
Marc Toesca Salut les petits clous ! Animateur
14%
Thomas Hobbes L’homme est un loup pour l’homme Philosophe
13%
Vespasien L’argent n’a pas d’odeur Empereur
10%
André Malraux Le XXIe siècle sera spirituel ou ne sera pas. Ecrivain
9%
Patrice de Mac Mahon J'y suis, j'y reste ! Homme d'état
8%
Philippe Geluck Un joueur d’échecs c’est comme de la peinture, s’il n’est pas brillant il est mat. Auteur de BD
8%
Thierry Le Luron Je suis pour l'égalité des sexes, je prendrai moi-même les mesures. Humoriste
4%
Aucun quiz correspondant
Distribution des résultats
% des personnes avec chaque résultat
Percentile par nombre de réponses
Votre historique - résultats
Vous n’avez pas pris ce quiz